V pivovare sa začína výstavba komplexu Cassovar

Bibliographic Details
Format: Article
Language:Slovak
Subjects:
Online Access:www.korzar.sk

MARC

LEADER 00000nab a2200000 a 4500
001 vtls008961674
003 SK-MaSNL
005 20260303070707.0
008 070404c20070404xo drz 0 0slo
038 |a KEVKJB 
040 |a KEVKJB  |b slo  |c KEVKJB  |e AACR2 
041 0 |a slo 
044 |a xo  |c SK 
080 |a 725.22  |2 2001 
080 |a 728.2  |2 2001 
245 0 0 |a V pivovare sa začína výstavba komplexu Cassovar  |c [autor] (ren) 
300 |b Fotogr. 
610 2 7 |a Pivovar, Floriánska ul. (Košice, Slovensko)  |2 kevkjb  |9 1058174 
610 2 7 |a Cassovar (polyfunkčný komplex : Košice, Slovensko)  |2 kevkjb  |9 1062553 
650 0 7 |a polyfunkčné komplexy  |2 kevkjb  |9 1039543 
650 0 7 |a bytové domy  |2 kevkjb  |9 31781 
651 7 |a Košice (Slovensko)  |2 kevkjb  |9 18694 
773 0 |t Košický denník Korzár  |g Roč. X, č. 79 (4.4.2007), s. 1  |x 1335-4566 
852 |a KEVKJB  |b KIS3GCP 
856 4 1 |u www.korzar.sk 
999 |c 1756540  |d 1758470